Statistiche per Acquisti più costosi - Porto

Clicka qui per fare il quiz!

Statistiche generali

  • Questo quiz è stato fatto 4 volte
  • Il punteggio medio è 5 su 20

Statistiche sulle risposte

Costo (M €)DaNazioneAnnoCalciatore% Corretto
13SantosBrasile2011Danilo
75%
19Tokyo VerdyBrasile2008Hulk
75%
15,40GrêmioBrasile2021Pepê
75%
9,60MaldonadoBrasile2011Alex Sandro
50%
15Real MadridBrasile2015Casemiro
50%
12,30LorientCamerun2014Vincent Aboubakar
50%
11PachucaMessico2013Héctor Herrera
25%
10PescaraColombia2013Juan Fernando Quintero
25%
10,25River PlateArgentina2005Lucho González
25%
20Atletico MadridSpagna2017Óliver Torres
25%
11Atletico MadridSpagna2014Adrián López
0%
20Sporting BragaPortogallo2022David Carmo
0%
10,50PalmeirasBrasile2022Gabriel Veron
0%
9,02Sporting BragaBrasile2022Galeno
0%
20Olympique MarsigliaFrancia/Repubblica del Congo2015Giannelli Imbula
0%
11Sporting LisbonaPortogallo2010João Moutinho
0%
9,50CF AméricaColombia2019Mateus Uribe
0%
12Al-Duhail SCCorea del Sud2019Shoya Nakajima
0%
10,50FC TwenteMessico2015Tecatito
0%
10,75Spartak MoscaCapo Verde2019Zé Luís
0%

Distribuzione punteggi

Percentile per numero di risposta

Percentuale di utenti per punteggio

I tuoi punteggi nel tempo

Non hai fatto questo quiz